| 000 | 01037cam a2200289 a 4500 | ||
|---|---|---|---|
| 999 |
_c1373 _d1373 |
||
| 001 | 74183 | ||
| 003 | OSt | ||
| 005 | 20190903101149.0 | ||
| 008 | 960717s1997 txua b 001 0 eng | ||
| 010 | _a 95072840 | ||
| 020 | _a0030105595 | ||
| 040 |
_aDLC _cDLC _dDLC |
||
| 050 | 0 | 0 |
_aQA162 _b.H86 1997 |
| 082 | 0 | 0 |
_a512.02 _221 _bHUN 1997 |
| 100 | 1 |
_aHungerford, Thomas W. _93636 |
|
| 245 | 1 | 0 |
_aAbstract algebra : _ban introduction |
| 250 | _a2nd ed. | ||
| 260 |
_aFort Worth : _bSaunders College Pub., _c1997. |
||
| 300 |
_axvii, 588 p. : _bill. ; _c25 cm. |
||
| 504 | _aIncludes bibliographical references (p. 550-553) and index. | ||
| 650 | 0 |
_a Abstract Agebra _93637 |
|
| 650 | 0 |
_aMathematics _9810 |
|
| 856 | 4 | 2 |
_3Contributor biographical information _uhttp://www.loc.gov/catdir/enhancements/fy1303/95072840-b.html |
| 906 |
_a7 _bcbc _corignew _d2 _eopcn _f19 _gy-gencatlg |
||
| 942 |
_2ddc _cSLOAN |
||